| 000 | 00918cam a22002652 4500 | ||
|---|---|---|---|
| 001 | 0000002350 | ||
| 005 | 20151217151851.0 | ||
| 008 | 070410s xx 000 0 eng d | ||
| 020 | _a0883904128D : | ||
| 040 |
_aKABU _cKABU |
||
| 050 | 0 |
_aHF5549 _b.A56 1994 |
|
| 245 | 1 | 4 |
_aThe 1994 annual : _bdeveloping human resources / _ced. by T. William Pfeiffer. |
| 260 |
_aSan Diego, CA : _bPfeiffer, _c1994. |
||
| 300 | _ax, 309 p. | ||
| 500 | _aThe twenty third annual. | ||
| 650 | 0 |
_aPersonnel management. _@0000150761 |
|
| 700 | 1 |
_aPfeiffer, J. William. _@0000136672 |
|
| 908 | _a070410 | ||
| 950 | _@1 | ||
| 999 |
_c5808 _d5808 |
||